00879 am a2200229 a 450000500170000000800410001702000150005804100080007309200190008110000370010024500770013725001060021426000350032030000110035550001080036665300220047465300210049693000090051794200120052699900130053895200980055120240223122527.0100618s1991||||ag # f |||| 001 0 spa d a9505086505 aspa c323.01l7sBID1 aBidart Campos, Germán J.91198 aTeoría general de los derechos humanos / cGermán J. Bidart Campos. a1a ed.bSegún la 1a edición publicada en 1989 por la Universidad Nacional Autónoma de México. aBuenos Aires: bAstrea;c1991. a444 p. aBidart Campos, G. J. (1991). Teoría general de los derechos humanos. (1a ed.). Buenos Aires : Astrea. aCiencias Sociales aDerechos humanos a1660 2ddccBK c387d387 00104070aBFMbBFMcCRd2011-05-13l0o323.01 7 BIDp1660r2014-11-06tej.1w2011-05-13yBK